Logos aléatoires #1 - Marques de vêtements - Statistiques

Statistiques générales
  • Ce quiz a été pris 2 407 fois
  • Le résultat moyen est 11 sur 16
Statistiques - réponses
Par images Réponse % Correct
Adidas
97%
Lacoste
97%
Levi's
97%
Nike
97%
Puma
97%
Fila
96%
Air Jordan
95%
H&M
95%
Chanel
93%
New Balance
93%
Louis Vuitton
92%
Yves Saint Laurent
92%
Hugo Boss
91%
Nasa
91%
Calvin Klein
90%
Converse
90%
Gucci
88%
Le coq sportif
87%
Champion
84%
The North Face
84%
Kappa
81%
Dior
80%
Timberland
73%
Dolce & Gabbana
70%
Ellesse
70%
Umbro
70%
Tommy Hilfiger
68%
Reebok
66%
Under Armour
60%
GAP
57%
Guess
57%
Hollister
49%
Carhartt
48%
Quiksilver
38%
Bape
33%
Lotto
32%
Patagonia
30%
Element
22%
Columbia
19%
Fruit of the Loom
9%
Kangol
9%
Starter
3%
Aucun quiz correspondant
Distribution des résultats
% des personnes avec chaque résultat
Percentile par nombre de réponses
Votre historique - résultats
Vous n’avez pas pris ce quiz